| 000 | 00783nam a2200229 a 4500 | ||
|---|---|---|---|
| 001 | 60078 | ||
| 003 | BD-RjUL | ||
| 005 | 20211209080813.0 | ||
| 008 | 161228s1965 my ab b 001 0 eng d | ||
| 035 | _a(BD-RjUL)60202 | ||
| 040 |
_aDLC _cTOL _dSER _dm.c. _dPIT _dBD-RjUL _beng |
||
| 041 | _aeng | ||
| 082 |
_223 _a320.95951 _bRAC 1965 |
||
| 100 | 1 |
_aRatnam, K. J. _9178805 |
|
| 245 | 1 | 0 |
_aCommunalism and the political process in Malaya / _cK.J. Ratnam. |
| 260 |
_aKuala Lumpur ; _aLondon : _bUniversity of Malaya Press ; _bOxford University Press, _cc1965. |
||
| 300 |
_aviii, 248 p. : _bill. ; _c23 cm. |
||
| 504 | _aIncludes bibliographical references and index. | ||
| 650 | 0 |
_aMinorities _zMalaysia. _9178806 |
|
| 651 | 0 |
_aMalaysia _xPolitics and government. _9172937 |
|
| 942 |
_2ddc _cBK |
||
| 999 |
_c60078 _d60078 |
||